Nazwy rocznic ślubu - Statystyki

Ogólne statystyki
  • Ten quiz został rozwiązany 21 razy
  • Średni wynik to 10 z 28
Statystyki odpowiedzi
Lata małżeństwa Nazwa rocznicy % Poprawnych
1 Papierowa
95%
50 Złota
95%
25 Srebrna
84%
60 Diamentowa
79%
5 Drewniana
74%
65 Żelazna
53%
40 Rubinowa
47%
45 Szafirowa
42%
8 Brązowa
37%
11 Stalowa
37%
75 Brylantowa
32%
80 Dębowa
32%
70 Kamienna
32%
4 Kwiatowa/Owocowa
32%
55 Szmaragdowa
32%
35 Koralowa
26%
15 Kryształowa
26%
2 Bawełniana
21%
10 Cynowa/Aluminiowa
21%
12 Jedwabna
21%
13 Koronkowa
16%
30 Perłowa
16%
3 Skórzana
16%
9 Gliniana
11%
20 Porcelanowa
11%
7 Wełniana
11%
6 Cukrowa
5%
14 Kości Słoniowej
5%
Nie znaleziono quizów pasujących do podanych kryteriów
Rozkład punktacji
Procent ludzi z każdym wynikiem
Percentyl według liczby udzielonych odpowiedzi
Twoja historia wyników
Nie rozwiązałeś tego quizu